Đồ họa máy tính trong không gian ba chiều : Lý thuyết & Thực hành
Sách gồm 5 chương, 5 phụ lục và nhiều hình ảnh minh hoạ cũng như các bài tập, bài thực hành được bố trí ở các chương trong cuốn sách.
Saved in:
| Main Author: | |
|---|---|
| Format: | Book |
| Language: | Undetermined |
| Published: |
Hà Nội
Khoa học và Kỹ thuật
2008
|
| Subjects: | |
| Tags: |
Add Tag
No Tags, Be the first to tag this record!
|
| Institutions: | Trung tâm Học liệu Trường Đại học Cần Thơ |
|---|
| LEADER | 00929nam a2200229Ia 4500 | ||
|---|---|---|---|
| 001 | CTU_176627 | ||
| 008 | 210402s9999 xx 000 0 und d | ||
| 020 | |c 76000 | ||
| 082 | |a 006.68 | ||
| 082 | |b S464 | ||
| 100 | |a Trần, Giang Sơn | ||
| 245 | 0 | |a Đồ họa máy tính trong không gian ba chiều : | |
| 245 | 0 | |b Lý thuyết & Thực hành | |
| 245 | 0 | |c Trần Giang Sơn | |
| 260 | |a Hà Nội | ||
| 260 | |b Khoa học và Kỹ thuật | ||
| 260 | |c 2008 | ||
| 520 | |a Sách gồm 5 chương, 5 phụ lục và nhiều hình ảnh minh hoạ cũng như các bài tập, bài thực hành được bố trí ở các chương trong cuốn sách. | ||
| 650 | |a Computer graphics,Đồ hoạ máy tính | ||
| 650 | |x Computer programs,Chương trình máy tính | ||
| 904 | |i Minh Tâm | ||
| 980 | |a Trung tâm Học liệu Trường Đại học Cần Thơ | ||